<?xml version="1.0" encoding="UTF-8"?>
<record
    xmlns:xsi="http://www.w3.org/2001/XMLSchema-instance"
    xsi:schemaLocation="http://www.loc.gov/MARC21/slim http://www.loc.gov/standards/marcxml/schema/MARC21slim.xsd"
    xmlns="http://www.loc.gov/MARC21/slim">

  <leader>02340nam a22002897a 4500</leader>
  <controlfield tag="003">OSt</controlfield>
  <controlfield tag="005">20260515120539.0</controlfield>
  <controlfield tag="008">251023b        |||||||| |||| 00| 0 eng d</controlfield>
  <datafield tag="022" ind1=" " ind2=" ">
    <subfield code="a">0275-6668</subfield>
  </datafield>
  <datafield tag="040" ind1=" " ind2=" ">
    <subfield code="a">English</subfield>
    <subfield code="c">tbs</subfield>
  </datafield>
  <datafield tag="041" ind1=" " ind2=" ">
    <subfield code="a">English</subfield>
  </datafield>
  <datafield tag="100" ind1=" " ind2=" ">
    <subfield code="a">Pereda, Asier</subfield>
    <subfield code="9">26278</subfield>
    <subfield code="e">author</subfield>
  </datafield>
  <datafield tag="245" ind1=" " ind2=" ">
    <subfield code="a">How to win friends and influence the right people</subfield>
    <subfield code="b">: designing the corporate government affairs unit</subfield>
    <subfield code="c">/ Asier Pereda, Andrew Barron.</subfield>
  </datafield>
  <datafield tag="260" ind1=" " ind2=" ">
    <subfield code="b">Journal of Business Strategy,</subfield>
    <subfield code="c">2020</subfield>
  </datafield>
  <datafield tag="300" ind1=" " ind2=" ">
    <subfield code="a">27&#x2013;37 pages.</subfield>
  </datafield>
  <datafield tag="362" ind1=" " ind2=" ">
    <subfield code="a">Journal of Business Strategy (2020) 41 (5): 27&#x2013;37.</subfield>
  </datafield>
  <datafield tag="520" ind1=" " ind2=" ">
    <subfield code="a">This study aims to explore how firms can design their government affairs (GAs) units in ways that improve their ability to monitor and influence legislative developments in their firms&#x2019; corporate political environments.
This conceptual work is informed by existing research into organizational design, brought to life with illustrative examples of firms&#x2019; political actions derived from interviews conducted with practitioners in the field.
In line with organizational design thinking, the authors find that high-performing GA units need to be designed and built using a blend of mutually reinforcing organizational mechanisms. GA units should be staffed by autonomous managers with mixed skills-sets. Moreover, they should not be constrained by formal rules, but instead given autonomy and support to create lateral relations with other business units.
This study provides a &#x201C;recipe&#x201D; that managers can follow to create opportunities for the exchange of political information within their firms and enable and motivate GAs practitioners to monitor and influence political developments more effectively.
This research exposes important, organizational antecedents of firms&#x2019; political strategies, which have not been systematically explored in the existing literature</subfield>
  </datafield>
  <datafield tag="630" ind1=" " ind2="0">
    <subfield code="a">MSc International Business</subfield>
    <subfield code="9">26977</subfield>
  </datafield>
  <datafield tag="650" ind1=" " ind2="0">
    <subfield code="a">Organizational design</subfield>
    <subfield code="9">27031</subfield>
  </datafield>
  <datafield tag="650" ind1=" " ind2="0">
    <subfield code="a">Environmental scanning</subfield>
    <subfield code="9">27032</subfield>
  </datafield>
  <datafield tag="650" ind1=" " ind2="0">
    <subfield code="a">Corporate political activity</subfield>
    <subfield code="9">27023</subfield>
  </datafield>
  <datafield tag="650" ind1=" " ind2="0">
    <subfield code="a">Boundary spanning</subfield>
    <subfield code="9">27034</subfield>
  </datafield>
  <datafield tag="650" ind1=" " ind2="0">
    <subfield code="a">Information-processing capacity</subfield>
    <subfield code="9">27033</subfield>
  </datafield>
  <datafield tag="700" ind1=" " ind2=" ">
    <subfield code="a">Barron, Andrew</subfield>
    <subfield code="9">26279</subfield>
    <subfield code="e">author</subfield>
  </datafield>
  <datafield tag="856" ind1=" " ind2=" ">
    <subfield code="u">https://www-emerald-com.hub.tbs-education.fr/jbs/article-pdf/41/5/27/1350050/jbs-09-2019-0174.pdf</subfield>
  </datafield>
  <datafield tag="942" ind1=" " ind2=" ">
    <subfield code="2">lcc</subfield>
  </datafield>
  <datafield tag="952" ind1=" " ind2=" ">
    <subfield code="0">0</subfield>
    <subfield code="1">0</subfield>
    <subfield code="2">lcc</subfield>
    <subfield code="4">0</subfield>
    <subfield code="7">0</subfield>
    <subfield code="8">CT</subfield>
    <subfield code="a">TBS</subfield>
    <subfield code="b">TBS</subfield>
    <subfield code="d">2025-10-23</subfield>
    <subfield code="l">0</subfield>
    <subfield code="p">5090</subfield>
    <subfield code="r">2025-10-23</subfield>
    <subfield code="u">https://www-emerald-com.hub.tbs-education.fr/jbs/article/41/5/27/198684/How-to-win-friends-and-influence-the-right-people?searchresult=1</subfield>
    <subfield code="w">2025-10-23</subfield>
    <subfield code="y">ARTICLE</subfield>
  </datafield>
  <datafield tag="999" ind1=" " ind2=" ">
    <subfield code="c">5090</subfield>
    <subfield code="d">5090</subfield>
  </datafield>
</record>
